Song by Opening Lyric #1 - Statistics

General Stats
  • This quiz has been taken 71 times
    52 since last reset
  • The average score is 24 of 40
Answer Stats
Opening Lyric Song Artist % Correct
- Bohemian Rhapsody -
93%
- Queen -
90%
- Piano Man -
85%
- Wonderwall -
85%
- Don't Stop Believin' -
83%
- Billy Joel -
80%
- Country Roads -
80%
- Journey -
80%
- Elvis Presley -
78%
- Oasis -
78%
- Can't Help Falling in Love -
75%
- House of the Rising Sun -
75%
- Boulevard of Broken Dreams -
73%
- Guns N' Roses -
73%
- Let It Be -
73%
- Sound of Silence -
73%
- Sweet Child O' Mine -
73%
- David Bowie -
70%
- Green Day -
70%
- Space Oddity -
70%
- The Beatles -
70%
- Never Gonna Give You Up -
68%
- Rick Astley -
65%
- Mr. Brightside -
63%
- John Denver -
60%
- Simon & Garfunkel -
60%
- The Animals -
60%
- The Killers -
60%
- Clint Eastwood -
35%
- The Joker -
35%
- Gorillaz -
33%
- Down Under -
30%
- Steve Miller Band -
30%
- Joy to the World -
28%
- Three Dog Night -
28%
- Men At Work -
25%
- Prince and the Revolution -
18%
- Duran Duran -
15%
- Hungry Like the Wolf -
15%
- When Doves Cry -
15%
No matching quizzes found
Score Distribution
Percent of People with Each Score
Percentile by Number Answered
Your Score History
You have not taken this quiz since the last reset